Komparatívna analýza politických systémov vybraných štátov SNŠ (na príklade Kazachstanu a Uzbekistanu) diplomová práca

Gespeichert in:
Bibliographische Detailangaben
1. Verfasser: Pavelčaková, Romana
Körperschaft: Fakulta medzinárodných vzťahov EU. Katedra medzinárodných politických vzťahov
Weitere Verfasser: Zubro, Tetyana, 1975-
Format: Buch
Sprache:Slowakisch
Veröffentlicht: Bratislava 2018
Tags: Tag hinzufügen
Keine Tags, Fügen Sie das erste Tag hinzu!

MARC

LEADER 00000nbm a2200000 4500
001 0244467
005 20180807080444.0
041 0 |a slo 
044 |a SK 
245 1 0 |a Komparatívna analýza politických systémov vybraných štátov SNŠ (na príklade Kazachstanu a Uzbekistanu)  |b diplomová práca  |c Romana Pavelčaková ; školiteľ: Tetyana Zubro 
264 1 |a Bratislava  |c 2018 
300 |a 56 s. 
100 1 |a Pavelčaková, Romana 
700 1 |a Zubro, Tetyana, 1975- 
710 2 |a Fakulta medzinárodných vzťahov EU. Katedra medzinárodných politických vzťahov